Social engineering penetration testing : (Record no. 20387)
[ view plain ]
| 000 -LEADER | |
|---|---|
| fixed length control field | 00951cam a22002655a 4500 |
| 001 - CONTROL NUMBER | |
| control field | 18042651 |
| 005 - DATE AND TIME OF LATEST TRANSACTION | |
| control field | 20201128021442.0 |
| 008 - FIXED-LENGTH DATA ELEMENTS--GENERAL INFORMATION | |
| fixed length control field | 140213t2014 maua fr 001 0 eng d |
| 020 ## - INTERNATIONAL STANDARD BOOK NUMBER | |
| International Standard Book Number | 9780124201248 (alk. paper) |
| 040 ## - CATALOGING SOURCE | |
| Original cataloging agency | DLC |
| Language of cataloging | eng |
| Transcribing agency | DLC |
| Modifying agency | DLC |
| -- | EG-ScBUE |
| 082 04 - DEWEY DECIMAL CLASSIFICATION NUMBER | |
| Classification number | 303.372 |
| Edition number | 22 |
| Item number | WAT |
| 100 1# - MAIN ENTRY--PERSONAL NAME | |
| Personal name | Watson, Gavin, |
| Dates associated with a name | 1982- |
| 9 (RLIN) | 38987 |
| 245 10 - TITLE STATEMENT | |
| Title | Social engineering penetration testing : |
| Remainder of title | executing social engineering pen tests, assessments and defense / |
| Statement of responsibility, etc | Gavin Watson, Andrew Mason, Richard Ackroyd ; foreword by Chris Hadnagy. |
| 260 ## - PUBLICATION, DISTRIBUTION, ETC. (IMPRINT) | |
| Place of publication, distribution, etc | Waltham ; |
| -- | Oxford : |
| Name of publisher, distributor, etc | Syngress / Elsevier, |
| Date of publication, distribution, etc | c.2014. |
| 300 ## - PHYSICAL DESCRIPTION | |
| Extent | xx, 386 p. : |
| Other physical details | ill. ; |
| Dimensions | 24 cm. |
| 500 ## - GENERAL NOTE | |
| General note | Index : p. 377-386. |
| 650 #7 - SUBJECT ADDED ENTRY--TOPICAL TERM | |
| Topical term or geographic name as entry element | Social engineering. |
| Source of heading or term | BUEsh |
| 9 (RLIN) | 38989 |
| 650 #7 - SUBJECT ADDED ENTRY--TOPICAL TERM | |
| Topical term or geographic name as entry element | Hackers. |
| Source of heading or term | BUEsh |
| 9 (RLIN) | 38990 |
| 650 #7 - SUBJECT ADDED ENTRY--TOPICAL TERM | |
| Topical term or geographic name as entry element | Computer security. |
| Source of heading or term | BUEsh |
| 9 (RLIN) | 2637 |
| 651 ## - SUBJECT ADDED ENTRY--GEOGRAPHIC NAME | |
| Source of heading or term | BUEsh |
| 653 ## - INDEX TERM--UNCONTROLLED | |
| Resource For college | Informatics and Computer Science |
| Arrived date list | January2016 |
| 700 1# - ADDED ENTRY--PERSONAL NAME | |
| Personal name | Mason, Andrew. |
| 700 1# - ADDED ENTRY--PERSONAL NAME | |
| Personal name | Ackroyd, Richard. |
| 942 ## - ADDED ENTRY ELEMENTS (KOHA) | |
| Source of classification or shelving scheme | Dewey Decimal Classification |
| Withdrawn status | Lost status | Source of classification or shelving scheme | Damaged status | Not for loan | Koha collection | Home library | Current library | Shelving location | Date acquired | Source of acquisition | Cost, normal purchase price | Serial Enumeration / chronology | Total Checkouts | Total Renewals | Full call number | Barcode | Date last seen | Date last borrowed | Cost, replacement price | Koha item type |
|---|---|---|---|---|---|---|---|---|---|---|---|---|---|---|---|---|---|---|---|---|
| Dewey Decimal Classification | Baccah | Central Library | Central Library | First floor | 30/07/2015 | Purchase | 400.00 | 21759 | 2 | 14 | 303.372 WAT | 000039615 | 15/07/2025 | 20/04/2017 | 500.00 | Book - Borrowing |